书目信息 |
| 题名: |
雪龙出征
|
|
| 作者: | 马夫 编写 | |
| 分册: | ||
| 出版信息: | 长春 吉林出版集团有限责任公司 2010 |
|
| 页数: | 119页 | |
| 开本: | 21cm | |
| 丛书名: | ||
| 单 册: | ||
| 中图分类: | I253.6 , N816.62 | |
| 科图分类: | ||
| 主题词: | 报告文学--中国--现代 | |
| 电子资源: | ||
| ISBN: | 978-7-5463-1908-7 | |
| 000 | 00879nam0 2200265 450 | |
| 001 | 2335592176 | |
| 005 | 20231109091009.93 | |
| 010 | @a978-7-5463-1908-7@dCNY29.80 | |
| 100 | @a20100531d2010 em y0chiy50 ea | |
| 101 | 0 | @achi |
| 102 | @aCN@b220000 | |
| 105 | @ay z 000zy | |
| 200 | 1 | @a雪龙出征@Axue long chu zheng@e中国首次赴北极进行科学考察@f马夫编写 |
| 210 | @a长春@c吉林出版集团有限责任公司@d2010 | |
| 215 | @a119页@d21cm | |
| 300 | @a共和国故事 | |
| 330 | @a本书内容包括:筹备决策、挺进北极、考察海区、冰区作业、短暂休整、建科考站。 | |
| 517 | 1 | @a中国首次赴北极进行科学考察@Azhong guo shou ci fu bei ji jin xing ke xue kao cha |
| 606 | 0 | @a报告文学@y中国@z现代 |
| 607 | @a北极@x科学考察@j普及读物 | |
| 690 | @aI253.6@v5 | |
| 690 | @aN816.62@v5 | |
| 701 | 0 | @a马夫@Ama fu@c(科学普及)@4编写 |
| 801 | 0 | @aCN@b山东中教@c20230926 |
| 905 | @aBZT@dI253.6@e41 | |
| 雪龙出征:中国首次赴北极进行科学考察/马夫编写.-长春:吉林出版集团有限责任公司,2010 |
| 119页;21cm |
| 共和国故事 |
| ISBN 978-7-5463-1908-7:CNY29.80 |
| 本书内容包括:筹备决策、挺进北极、考察海区、冰区作业、短暂休整、建科考站。 |
| ● |
| 相关链接 |
|
|
|
正题名:雪龙出征
索取号:I253.6/41
 
预约/预借
| 序号 | 登录号 | 条形码 | 馆藏地/架位号 | 状态 | 备注 |
| 1 | 2000954373 | 2000954373 | 315书库/四40架A面4层3列/ [索取号:I253.6/41] | 在馆 | |
| 2 | 2000954374 | 2000954374 | 315书库/四40架A面4层3列/ [索取号:I253.6/41] | 在馆 | |
| 3 | 2000954375 | 2000954375 | 315书库/四40架A面4层3列/ [索取号:I253.6/41] | 在馆 | |
| 4 | 2000954376 | 2000954376 | 315书库/四40架A面4层3列/ [索取号:I253.6/41] | 在馆 | |
| 5 | 2000954377 | 2000954377 | 315书库/四40架A面4层3列/ [索取号:I253.6/41] | 在馆 |